| 000 | 00613nam a22001697a 4500 | ||
|---|---|---|---|
| 003 | OSt | ||
| 005 | 20171010095446.0 | ||
| 008 | 120614t xxu||||| |||| 00| 0 eng d | ||
| 040 |
_aMMSU _cULS |
||
| 100 |
_aTalioaga, Jovie C. _910343 |
||
| 245 |
_aEffect of the addition of acetic acid (Ethanoic acid) on the alcoholic fermentation of basi from sugarcane _cJovie C. Talioaga |
||
| 260 | _c2006 | ||
| 300 |
_axi, 39 leaves _c28 cm. |
||
| 500 | _aThesis (BS Chemical Engineering) -- Mariano Marcos State University-College of Engineering, Batac City | ||
| 504 | _aBibliography: leaves 32-33 | ||
| 942 |
_2ddc _cTHEDIS |
||
| 999 |
_c9566 _d9566 |
||